2000年以降に消滅した岡山県の市町村 - Statistics

General Stats
  • This quiz has been taken 50 times
  • The average score is 40 of 64
Answer Stats
消滅日 現在の市町村 Answer % Correct
2004/11/01 瀬戸内市 邑久町
85%
2007/01/22 岡山市 瀬戸町
82%
2004/11/01 瀬戸内市 長船町
79%
2005/03/22 備前市 日生町
79%
2005/03/31 真庭市 勝山町
79%
2005/08/01 倉敷市 真備町
79%
2005/03/22 総社市 清音村
76%
2005/03/31 美作市 東粟倉村
76%
2006/03/21 浅口市 鴨方町
76%
2004/10/01 吉備中央町 賀陽町
74%
2004/11/01 瀬戸内市 牛窓町
74%
2005/03/31 美作市 大原町
74%
2006/03/21 浅口市 金光町
74%
2004/10/01 高梁市 川上町
71%
2005/02/28 津山市 久米町
71%
2005/03/22 総社市 総社市
71%
2006/03/01 和気町 和気町
71%
2007/01/22 岡山市 建部町
71%
2004/10/01 高梁市 高梁市
68%
2005/03/01 鏡野町 鏡野町
68%
2005/03/01 井原市 美星町
68%
2005/03/07 赤磐市 山陽町
68%
2005/03/22 岡山市 御津町
68%
2005/03/31 美作市 美作町
68%
2004/10/01 高梁市 成羽町
65%
2004/10/01 高梁市 備中町
65%
2005/02/28 津山市 加茂町
65%
2005/03/07 赤磐市 熊山町
65%
2005/03/22 備前市 備前市
65%
2005/03/22 美咲町 柵原町
65%
2005/03/22 岡山市 灘崎町
65%
2005/03/31 新見市 新見市
65%
2005/03/31 真庭市 久世町
65%
2005/03/01 鏡野町 上齋原村
62%
2005/03/01 井原市 芳井町
62%
2005/03/22 備前市 吉永町
62%
2005/08/01 倉敷市 船穂町
62%
2006/03/21 浅口市 寄島町
62%
2004/10/01 高梁市 有漢町
59%
2004/10/01 吉備中央町 加茂川町
59%
2005/03/07 赤磐市 赤坂町
59%
2005/03/07 赤磐市 吉井町
59%
2005/03/31 美作市 英田町
59%
2005/03/31 新見市 哲西町
59%
2005/03/31 真庭市 落合町
59%
2005/03/22 総社市 山手村
56%
2005/03/31 美作市 勝田町
56%
2005/03/31 新見市 哲多町
56%
2005/03/31 真庭市 湯原町
56%
2005/03/31 真庭市 川上村
56%
2005/03/01 鏡野町 奥津町
53%
2005/03/22 美咲町 中央町
53%
2005/03/22 美咲町 旭町
53%
2005/03/31 美作市 作東町
53%
2006/03/01 和気町 佐伯町
53%
2005/03/31 真庭市 北房町
50%
2005/02/28 津山市 阿波村
47%
2005/03/01 鏡野町 富村
47%
2005/03/31 新見市 神郷町
47%
2005/03/31 真庭市 美甘村
47%
2005/02/28 津山市 勝北町
44%
2005/03/31 新見市 大佐町
44%
2005/03/31 真庭市 中和村
44%
2005/03/31 真庭市 八束村
38%
No matching quizzes found
Score Distribution
Percent of People with Each Score
Percentile by Number Answered
Your Score History
You have not taken this quiz